University Home | Library Home | Institutional Repository

Report of the Commission Enquiring into the Disturbances at the Lerotholi Technical School and the Basutoland High School = (Record no. 66928)

MARC details
000 -LEADER
fixed length control field 01105cam5a220027701 4500
001 - CONTROL NUMBER
control field lce01270138
008 - FIXED-LENGTH DATA ELEMENTS--GENERAL INFORMATION
fixed length control field 800530s1960 lo s000 0 eng
010 ## - LIBRARY OF CONGRESS CONTROL NUMBER
LC control number 80476098 //r83
035 ## - SYSTEM CONTROL NUMBER
System control number (Sirsi) r35030
035 ## - SYSTEM CONTROL NUMBER
System control number (DLC) 80476098 //r83
035 ## - SYSTEM CONTROL NUMBER
System control number (UPRA)lce01270138
041 0# - LANGUAGE CODE
Language code of text/sound track or separate title engnic
043 ## - GEOGRAPHIC AREA CODE
Geographic area code f-lo---
050 0# - LIBRARY OF CONGRESS CALL NUMBER
Classification number T166.L5
Item number B37 1960
082 ## - DEWEY DECIMAL CLASSIFICATION NUMBER
Classification number 607/.126816
110 1# - MAIN ENTRY--CORPORATE NAME
Subordinate unit Commission Enquiring into the Disturbances at the Lerotholi Technical School and the Basutoland High School.
Linkage A98073.1
245 10 - TITLE STATEMENT
Title Report of the Commission Enquiring into the Disturbances at the Lerotholi Technical School and the Basutoland High School =
Remainder of title Tlaleho ea Lekhotla la Patlisiso Mefere-Fereng [i.e. Mofere-Fereng] ea Likolo tsa Lerotholi le Basutoland High School.
260 ## - PUBLICATION, DISTRIBUTION, ETC.
Place of publication, distribution, etc. [Maseru] :
Name of publisher, distributor, etc. Basutoland,
Date of publication, distribution, etc. 1960.
500 ## - GENERAL NOTE
General note Cover title.
500 ## - GENERAL NOTE
General note English and Sotho on opposite pages.
500 ## - GENERAL NOTE
General note Cyclostyled.
610 20 - SUBJECT ADDED ENTRY--CORPORATE NAME
Corporate name or jurisdiction name as entry element Lerotholi Technical School.
Linkage S70804.1
610 20 - SUBJECT ADDED ENTRY--CORPORATE NAME
Corporate name or jurisdiction name as entry element Basutoland High School.
Linkage S70805.1
949 ## - LOCAL PROCESSING INFORMATION (OCLC)
a T166.L5
w lcc
m MAIN
t BOOK
l ON-SHELF

No items available.

© 2026 - The University of Zambia Library - Koha v25.11